• 首页
  • 本馆介绍
  • 公告通知
  • 最新文献
  • 馆藏检索
  • 电子资源
  • 读者导购
  • 参考咨询
  • 我的图书馆
  • 登录
  • 详细信息显示
  • 放入我的书架
  • 预约/预借图书
  • 作者相关作品
  • 分类相关作品
  • 丛书相关作品
  • 出版社相关作品

书目信息

  • 表格格式
  • 工作单格式
  • 卡片格式
题名:
中央情报局与情报崇拜
    
 
作者: 马凯蒂 , 马克斯 著 ;曾山 译
分册:  
出版信息: 北京   三联书店  1979
页数: 376页
开本: 19cm
丛书名:
单 册:
中图分类: D771.236
科图分类:
主题词:
电子资源:
ISBN:
000 00781nam0 2200253 45
001 0179002616
005 20060704174808.34
010    @dCNY1.15
091    @a3002.200
100    @a19950713d1979 kemy0chiy0121 ea
101 1  @achi@ceng
102    @aCN@b110000
105    @ay z 000yy
200 10 @a中央情报局与情报崇拜@Azhong yang qing bao ju yu qing bao chong bai@f(美)维克托·马凯蒂,约翰·D·马克斯著@F(mei)wei ke tuo·ma kai di,yue han·D·ma ke si zhu@g曾山等译
210    @a北京@c三联书店@d1979
215    @a376页@d19cm
300    @a内部发行
601 02 @a中央情报局(美国)
690    @aD771.236@v3
701  0 @a马凯蒂@Ama kai di@4著
701  0 @a马克斯@Ama ke si@4著
702  0 @a曾山@Azeng shan@4译
801  0 @aCN@bTSSF@c20060704
905    @a10447@dD771.236@e243
    
    中央情报局与情报崇拜/(美)维克托·马凯蒂,约翰·D·马克斯著/曾山等译.-北京:三联书店,1979
    376页;19cm
    内部发行
    
    ISBN :CNY1.15
    
●
相关链接 在E读中查询图书 在五车中查询图书 在当当中查询图书 在豆瓣中查询图书


正题名:中央情报局与情报崇拜     索取号:D771.236/243         预约/预借

序号 登录号 条形码 馆藏地/架位号 状态 备注
1 0014779   000985642   密集书库/ [索取号:D771.236/243] 在馆    
唐山师范学院图书馆 欢迎您!
大连网信软件有限公司© 版权所有